| 000 | 01096cam a2200301 a 4500 | ||
|---|---|---|---|
| 001 | 15801513 | ||
| 005 | 20180817041350.0 | ||
| 008 | 090702s2010 ilua b s001 0 eng | ||
| 010 | _a 2009027103 | ||
| 015 |
_aGBB008863 _2bnb |
||
| 016 | 7 |
_a015473183 _2Uk |
|
| 020 | _a9780252034954 (cloth : alk. paper) | ||
| 020 | _a9780252076817 (pbk. : alk. paper) | ||
| 020 | _a0252034953 (cloth : alk. paper) | ||
| 020 | _a0252076818 (pbk. : alk. paper) | ||
| 035 | _a(OCoLC)ocn425960033 | ||
| 040 |
_aDLC _cDLC _dYDX _dYDXCP _dUKM _dBTCTA _dCDX _dBWX _dVVC _dDLC |
||
| 041 | _aeng | ||
| 080 | _a321.8 REI | ||
| 082 | 0 | 0 |
_a321.8 REI _222 |
| 100 | 1 | _a19 | |
| 101 | _aPOL | ||
| 245 | 1 | 0 |
_aRecovering the commons : _cHerbert Reid and Betsy Taylor. |
| 504 | _aIncludes bibliographical references and index. | ||
| 906 |
_a7 _bcbc _corignew _d1 _eecip _f20 _gy-gencatlg |
||
| 942 |
_2ddc _cBK |
||
| 999 |
_c47202 _d47202 |
||